000 00724cam a2200193 4500
001 WS110356
008 000000n 000 0 eng u
035 _a(Sirsi) u110356
110 _aRoyal Institution of Chartered Surveyors
_bResearch Foundation
_93861
245 _aRICS Research Foundation
520 _aSite for this organisation which aims to offer excellence and leadership in promoting, disseminating and sponsoring research.
650 _aRESEARCH
650 _aRICS
650 _aACADEMIC
650 _aORGANISATION
690 _aMANAGEMENT-BUSINESS MANAGEMENT-PROFESSIONAL PRACTICE
856 4 0 _uhttps://www.rics-foundation.org
_zView the website free of charge at www.rics-foundation.org...
942 _n0
999 _c119745
_d119745